[Event "FRA-ch Accession"]
[Site "Besancon"]
[Date "2006.08.19"]
[Round "5"]
[White "Faure, Stephane"]
[Black "Arslan, Victor"]
[Result "1-0"]
[WhiteElo "2143"]
[BlackElo "2064"]
[PlyCount "85"]
[EventDate "2006.08.15"]
[EventType "swiss"]
[EventRounds "10"]
[EventCountry "FRA"]
[SourceTitle "CBM 113 Extra"]
[Source "ChessBase"]
[SourceDate "2006.09.14"]
[SourceVersion "1"]
[SourceVersionDate "2006.09.14"]
[SourceQuality "1"]

1. d4 Nf6 2. Nf3 c5 3. d5 e6 4. c4 exd5 5. cxd5 d6 6. Nc3 g6 7. g3 Bg7 8. Bg2 0-0 9. Nd2 Na6 10. Nc4 Nc7 11. a4 Nh5 12. 0-0 f5 13. Ra3 b6 14. f4 Ba6 15. Qb3 Re8 16. Re1 Nf6 17. Bd2 Ng4 18. Nb5 Bxb5 19. axb5 Qd7 20. Qa4 Bxb2 21. Nxb2 Qxb5 22. Qxb5 Nxb5 23. Rd3 Nf6 24. Nc4 Ne4 25. Bc1 Nd4 26. Bb2 b5 27. Na3 b4 28. Bxd4 cxd4 29. Nb5 Nc3 30. Nxd4 a5 31. Kf2 a4 32. Nc6 Na2 33. Rb1 b3 34. g4 Ra6 35. gxf5 gxf5 36. Bh3 Rb6 37. Bxf5 Nb4 38. Rg3+ Kf8 39. Nxb4 Rxb4 40. Be6 Ke7 41. Rg7+ Kf6 42. Rf7+ Kg6 43. Rg1+ 1-0

[Event "FRA-chT2B 0506"]
[Site "France"]
[Date "2006.04.01"]
[Round "10.8"]
[White "Marchadour, Emilie"]
[Black "Arslan, Victor"]
[Result "1-0"]
[WhiteElo "2037"]
[BlackElo "2056"]
[PlyCount "45"]
[EventDate "2005.10.27"]
[EventType "team-tourn"]
[EventRounds "11"]
[EventCountry "FRA"]
[SourceTitle "EXT 2006"]
[Source "ChessBase"]
[SourceDate "2005.11.24"]
[SourceVersion "1"]
[SourceVersionDate "2005.11.24"]
[SourceQuality "1"]
[WhiteTeam "Clichy II"]
[BlackTeam "Lutece"]
[WhiteTeamCountry "FRA"]
[BlackTeamCountry "FRA"]

1. e4 c5 2. Nf3 d6 3. d4 cxd4 4. Nxd4 Nf6 5. Nc3 g6 6. Be2 Bg7 7. 0-0 0-0 8. Be3 a6 9. a4 Nc6 10. Qd2 Ng4 11. Bxg4 Bxg4 12. f4 Na5 13. Bf2 Nc4 14. Qc1 Qa5 15. f5 gxf5 16. h3 Bxh3 17. gxh3 f4 18. Nf5 Bf6 19. Qxf4 Kh8 20. Kh1 Nxb2 21. Nd5 Be5 22. Qh6 b5 23. Bb6 1-0